NBA Current Legends by Picture - Statistics

General Stats
  • This quiz has been taken 1,289 times
    833 since last reset
  • The average score is 19 of 20
Answer Stats
Picture Answer % Correct
LeBron James
100%
Stephen Curry
100%
Kevin Durant
99%
James Harden
98%
Anthony Davis
97%
Giannis Antetokounmpo
97%
Nikola Jokic
97%
Chris Paul
96%
Draymond Green
96%
Joel Embiid
96%
Kawhi Leonard
96%
Klay Thompson
96%
Russell Westbrook
96%
Damian Lillard
95%
Jimmy Butler
95%
Kyrie Irving
95%
Paul George
92%
Kevin Love
91%
DeMar DeRozan
88%
Kyle Lowry
86%
No matching quizzes found
Score Distribution
Percent of People with Each Score
Percentile by Number Answered
Your Score History
You have not taken this quiz since the last reset